| 000 | 00891cam a2200265 a 4500 | ||
|---|---|---|---|
| 001 | 16340596 | ||
| 005 | 20130415130557.0 | ||
| 008 | 100720s2011 njuab b 001 0 eng | ||
| 010 | _a 2010030260 | ||
| 020 | _a9780205718115 (alk. paper) | ||
| 020 | _a0205718116 (alk. paper) | ||
| 082 | 0 | 0 |
_a306.6 _222 _bSTE |
| 100 | 1 |
_aStein, Rebecca L., _d1970- _933099 |
|
| 245 | 1 | 4 |
_aThe Anthropology of Religion, Magic, and Witchcraft / _cRebecca L. Stein, Philip L. Stein. |
| 250 | _a3rd ed. | ||
| 260 |
_aUpper Saddle River, NJ : _bPearson Prentice Hall, _cc2011. |
||
| 300 |
_axiv, 270 p. : _bill., maps ; _c24 cm. |
||
| 504 | _aIncludes bibliographical references and index. | ||
| 650 | 0 |
_aReligion. _933100 |
|
| 650 | 0 |
_aAnthropology of religion. _933101 |
|
| 650 | 0 |
_aReligion and culture. _933102 |
|
| 653 |
_bNUR _cApril2013 |
||
| 700 | 1 |
_aStein, Philip L. _933103 |
|
| 942 |
_2ddc _cNRB |
||
| 999 |
_c17439 _d17411 |
||